J disney/pixar characters - Statistics

General Stats
  • This quiz has been taken 29 times
    27 since last reset
  • The average score is 13 of 38
Answer Stats
Hint Answer % Correct
Aladdin Jasmine
87%
Aladdin Jafar
80%
Tarzan Jane
67%
Pinocchio Jiminy Cricket
67%
Peter Pan John Darling
67%
Lilo and Stitch Jumba
67%
Inside Out Joy
60%
The Incredibles Jack Jack
53%
Cinderella Jaq
53%
Pocahontas John Smith
53%
Zootopia Judy Hopps
47%
101 Dalmatians Jasper
40%
Oliver and Company Jenny
40%
Toy Story 2 Jessie
40%
Lady and the Tramp Jock
40%
Treasure Planet John Silver
40%
Dumbo Jumbo
40%
Cars 3 Jackson Storm
33%
The Rescuers Down Under Jake
33%
Finding Nemo Jacques
27%
Princess and the Frog James
27%
Treasure Planet Jim Hawkins
27%
The Rescuers Down Under Joanna
27%
Encanto Julieta
27%
Inside Out Jangles
20%
The Little Mermaid Jetsam
20%
Dumbo Jim Crow
20%
Lady and the Tramp Jim Dear
20%
Soul Joe Gardner
20%
Monsters University Johnny Worthington
13%
Strange World Jaeger
7%
Raya and the Last Dragon Jagan
7%
Home on the Range Jeb
7%
Duck Tales Jose
7%
Wreck it Ralph Jubileena
7%
The Great Mouse Detective Judson
7%
Princess and the Frog Juju
7%
The Jungle Book Junior
7%
No matching quizzes found
Score Distribution
Percent of People with Each Score
Percentile by Number Answered
Your Score History
You have not taken this quiz since the last reset